000 00960nas a2200289 4500
001 BR7905916
003 BR-BrBNA
005 20231205083941.0
007 ta
008 230509b bl.|||p| |||| 00| 00por d
040 _aBR-BrBNA
_bpor
_cBiblioteca Nacional de Agricultura
041 _a(Pt)
072 _aF24; F23; P10
100 1 _aSouza, M.L.P.
100 1 _aFranca, G.V.
245 1 _aFotointerpretacao das redes de drenagem de tres solos ocorrentes no municipio de Ponta Grossa - Parana. 1. Caracteristicas descritivas [Latassolo; Brasil]
650 _aReconhecimento do solo
650 _aClassificacao do solo
650 _aDrenagem
650 _aEstrutura do solo
650 _aFotointerpretacao
650 _aPonta Grossa
650 _aPARANÁ
773 0 _tRevista do Setor de Ciencias Agrarias (Brazil)
_xISSN 0100-607X
_g(Aug 1979), v. 1(1) p. 25-30
_wBR7905916
909 _a202311
_bLúcia
_c55
_dLúcia Elande
942 _2AGRIS
_n0
_cANA
999 _c102214
_d102214